000 00805nam a2200217 4500
003 CO-ViMGA
020 _a9789585808522
040 _aCO-ViMGA
_bspa
_cCO-ViMGA
082 0 4 _a635
_bB17h
100 1 _aBartholomew, Mel
_98607
245 1 0 _aEl huerto en 1 m2 para niños /
_cMel Bartholomew.
260 _aBogotá :
_bFondo cultura Iberoamericano,
_c2016.
300 _a175 páginas :
_bilustraciones en color ; 23 cm.
490 _aPlan Nacional de Lectura y Escritura Leer es mi Cuento / Ministerio de Cultura
650 1 4 _aHorticultura
_vGuías
_xEnseñanza
_98608
650 1 4 _aHuertos
_xEnseñanza
_98609
650 1 4 _aManualidades
_xTrabajos manuales
_98610
700 1 _aRodríguez Fischer, Cristina,
_eeditora
_98612
700 1 _aRodríguez Fischer, Maite,
_eTraductor
_98611
942 _2ddc
_cBK
999 _c7608
_d7608